Uplatňovanie ľudských práv v školskom prostredí očami učiteľov
Na minha lista:
| Autor principal: | |
|---|---|
| Autor Corporativo: | |
| Formato: | Livro |
| Idioma: | eslovaco |
| Publicado em: |
Bratislava
Ústav informácií a prognóz školstva
2012
|
| Assuntos: | |
| Tags: |
Sem tags, seja o primeiro a adicionar uma tag!
|
MARC
| LEADER | 00000nam a2200000 4500 | ||
|---|---|---|---|
| 001 | 0178839 | ||
| 005 | 20230109115022.1 | ||
| 020 | |a 978-80-7098-504-5 | ||
| 041 | 0 | |a slo | |
| 044 | |a SK | ||
| 245 | 1 | 0 | |a Uplatňovanie ľudských práv v školskom prostredí očami učiteľov |c Marcela Bieliková |
| 264 | 1 | |a Bratislava |b Ústav informácií a prognóz školstva |c 2012 | |
| 300 | |a 59 s. | ||
| 610 | 2 | 0 | |a práva ľudské |
| 610 | 2 | 0 | |a školy |
| 610 | 2 | 0 | |a žiaci |
| 610 | 2 | 0 | |a učitelia |
| 610 | 2 | 0 | |a prieskum |
| 610 | 2 | 0 | |a dohody medzinárodné |
| 610 | 2 | 0 | |a osveta |
| 610 | 2 | 0 | |a Slovensko |
| 100 | 1 | |a Bieliková, Marcela | |
| 710 | 2 | |a Ústav informácií a prognóz školstva | |